| 000 | 01156nam a22002777a 4500 | ||
|---|---|---|---|
| 001 | UTEA | ||
| 005 | 20250217092156.0 | ||
| 006 | g||||gr||||||01 nz | ||
| 007 | ta | ||
| 008 | 190222b espu||||| |||| 00| 0 spa d | ||
| 020 | _a9788436826463 | ||
| 040 |
_autea _cutea |
||
| 041 | _aspa | ||
| 044 | _aesp | ||
| 082 |
_a658.16 _bSCH31 |
||
| 100 | _aSchaan, Jaen Louis | ||
| 245 |
_aGestión de alianzas estratégicas _b : Construyendo alianzas que funcionen / _cJean Louis Schaan _h[Texto Impreso] |
||
| 250 | _aPrimera edición | ||
| 260 |
_a[Madrid] _bPirámide _c2012 |
||
| 300 |
_a187 páginas: _bcuadros,tablas. _c15.5 x 23 cm |
||
| 505 | _aContenido: motivación estratégica:¿debería formar una alianza estratégica? -- la selección correcta del socio -- negociación y diseño de la alianza -- implementando condiciones ganadoras -- la teoría d las alianzas estratégicas:una rápida visión general -- casos prácticos. | ||
| 650 | 0 |
_a¿qué son las alianzas estratégicas? _932590 |
|
| 650 | 0 |
_aLa dimensión personal _932592 |
|
| 650 | 0 |
_aLa agenda del socio _932591 |
|
| 942 |
_2ddc _cBK _zCirila Celinda Molina Chirinos _e2022-08-05 |
||
| 999 |
_c6941 _d6941 |
||